| 000 | 01426cam a2200241 4500 | ||
|---|---|---|---|
| 001 | ABS63700 | ||
| 008 | 000000n2001 000 0 eng u | ||
| 035 | _a(Sirsi) u111611 | ||
| 100 | _aHolmans, A. | ||
| 245 | 4 | _aThe heat is on | |
| 260 | _c2001 | ||
| 490 |
_aHousing Today _v(224) 8 March 2001, 14-15(2) |
||
| 520 | _aRevised government projections indicate England's population will increase by around 1m more than previously thought. Presents, and considers, the key findings of the newly released report by the National Housing Federation and the Country Planning Association - "Housing demand and need in England 1996-2016". This estimates that the higher population projection will lead to the formation of 420,000 additional households in England over 20 years. Thus, to meet this rising need, every year between 1996-2000 an additional 80,000-85,000 affordable homes will be needed. The report also considers the effects on different regions. For instance, housing pressures are expected to be felt most keenly in the south of England. Notes the importance of utilising these projections in planning decisions and allocation of resources for housing. Diagrams. | ||
| 590 | _aABS | ||
| 650 | _aPLANNING POLICY | ||
| 650 | _aHOUSING DEMAND | ||
| 650 | _aPROJECTIONS | ||
| 650 | _aONE PERSON HOUSEHOLDS | ||
| 650 | _aHOUSEHOLD GROWTH | ||
| 690 | _aHOUSING | ||
| 700 | _aBrownie, S. | ||
| 942 | _n0 | ||
| 999 |
_c66503 _d66503 |
||